| 000 | 00715nam a2200181 a 4500 | ||
|---|---|---|---|
| 003 | 0 | ||
| 005 | 20250523152329.0 | ||
| 008 | 021119s19uu xx 00 eng d | ||
| 050 |
_aPHS HD 8039.D52 _b.R36 2002 |
||
| 100 | _aRamiro, Karla Maureen C. | ||
| 245 |
_aPerceptions of Filipino employees working in Parañaque regarding domestic helpers working in Asian countries / _cKarla Maureen S. Ramiro. |
||
| 260 |
_aLas Piñas City, Philippines : _bSouthville International School and Colleges, _c2002. |
||
| 300 |
_a26 pages : _billustrations ; _c28 cm. |
||
| 504 | _aIncludes bibliographical references. | ||
| 650 |
_aOverseas Filipino workers _zAsia. |
||
| 650 |
_aPublic opinion _zPhilippines. |
||
| 942 |
_2lcc _cPASS |
||
| 999 |
_c96734 _d96734 |
||